000 00647nam a2200193 i 4500
001 180042
003 ES-MaACL
005 20250718153526.0
008 120403s1905 fr |||| | fre d
100 1 _aLouis, Paul (
_d1872-1955)
_974318
245 1 3 _aLe colonialisme /
_cpar Paul Louis.
260 _aParis :
_bSociété Nouvelle de Librairie et d'Édition,
_c1905.
300 _a110 p. ;
_c16 cm.
490 1 _aBibliothèque socialiste ;
_v36
650 7 _aColonialismo
_2embne
_911149
830 0 _aBibliothèque socialiste ;
_v36
_9185029
852 _aES-MaACL
_jD-2176(3)
_z.- Encuadernado en un vol. facticio
999 _c180042
_d180042